000 00530nam a22001577a 4500
003 SISC
005 20160602134210.0
008 160602b xxu||||| |||| 00| 0 eng d
020 _a9780415834773
050 _aRC 440
_b.T583 2016
245 _aTime-limited art psychotherapy :
_bdevelopments in theory and practice /
_cedited by Rose Hughes.
260 _aNY :
_bRoutledge,
_c2016.
300 _axv, 227 pages :
_billustrations (some color) ;
_c25 cm.
500 _aIncludes bibliographical references and index.
942 _2lcc
_cBK
999 _c295572
_d295572